Indian economic development for class XI / (Record no. 16367)

MARC details
000 -LEADER
fixed length control field 00817nam a22002297a 4500
005 - DATE AND TIME OF LATEST TRANSACTION
control field 2008092903563.0
008 - FIXED-LENGTH DATA ELEMENTS--GENERAL INFORMATION
fixed length control field 080929t xxu||||| |||| 00| 0 eng d
010 ## - LCCN (DPL NO)
LC control number ENG-91207
020 ## - INTERNATIONAL STANDARD BOOK NUMBER
International Standard Book Number 9780070263536
Terms of availability 125.00
035 ## - SYSTEM CONTROL NUMBER
System control number EN-74740
037 ## - SOURCE OF ACQUISITION
Source of stock number/acquisition DBAD / PUB
040 ## - CATALOGING SOURCE
Original cataloging agency DPL
Language of cataloging Englihs
082 ## - DEWEY DECIMAL CLASSIFICATION NUMBER
Classification number 338.954
100 ## - MAIN ENTRY--PERSONAL NAME
Personal name Arora, K.G.
245 ## - TITLE STATEMENT
Title Indian economic development for class XI /
Statement of responsibility, etc by K. G. Arora
260 ## - PUBLICATION, DISTRIBUTION, ETC. (IMPRINT)
Place of publication, distribution, etc New Delhi
Name of publisher, distributor, etc Tata McGraw-Hill Publishing
Date of publication, distribution, etc 2008
300 ## - PHYSICAL DESCRIPTION
Extent xii, 182p.
Dimensions 24cm.(pbk)
651 ## - SUBJECT ADDED ENTRY--GEOGRAPHIC NAME
Geographic name India
General subdivision Economic policy
651 ## - SUBJECT ADDED ENTRY--GEOGRAPHIC NAME
Geographic name India
General subdivision Economic policy
942 ## - ADDED ENTRY ELEMENTS (KOHA)
Source of classification or shelving scheme Dewey Decimal Classification
Item type English Books
Call number suffix ARO
Classification part 338.954
Holdings
Withdrawn status Lost status Source of classification or shelving scheme Damaged status Not for loan Collection code Home library Current library Date acquired Cost, normal purchase price Total Checkouts Full call number Barcode Date last seen Copy number Cost, replacement price Koha item type
    Dewey Decimal Classification   Not For Loan Non-fiction D.B.Act.Division D.B.Act.Division 08/10/2008 125.00   338.954 ARO EN-74740 08/10/2008 1 125.00 English Books

© Delhi Public Library
Hit Counter
free hit counter